| 000 | 00358nam a2200145Ia 4500 | ||
|---|---|---|---|
| 008 | 221030s9999 xx 000 0 und d | ||
| 041 | _aEnglish | ||
| 082 |
_a105.23 _bSat |
||
| 100 | _aSatya Prakash | ||
| 245 | 0 |
_aOptics & Atomic Physics _cby Satya Prakash |
|
| 260 |
_bRatan Prakashan _aNew Delhi _c1981 |
||
| 300 | _a302 | ||
| 650 | _aPhysics | ||
| 942 | _cBK | ||
| 999 |
_c1041 _d1041 |
||